书目信息 |
| 书名: | 哈萨克语解释词典 | |
| 作者: | 阿斯班吉亚罗夫. | |
| 分册号: | ||
| 分册名: | 出版地: | 阿尔玛特 : |
|
| 出版社: | 科学出版社 | |
| 出版时间: | 1959. | |
| 页数: | 533 p. ; | |
| 开本: | 20cm. | |
| 丛书名: | ||
| 中图分类号: | ||
| 科图分类号: | ||
| 其他分类号: | H514.6 | |
| 主题词: | ||
| 电子资源: | ||
| 000 | 00419nam 2200169 a 4500 | |
| 001 | E0732860765 | |
| 005 | 20070804091207.10 | |
| 008 | 070804s1959 00010 eng | |
| 040 | @aPFT@bchi | |
| 041 | @achi@hkza | |
| 090 | @aH514.6 | |
| 099 | @dH514.6@ex2 | |
| 245 | 1 | @a哈萨克语解释词典 / @c阿斯班吉亚罗夫. |
| 260 | @a阿尔玛特 :@b科学出版社,@c1959. | |
| 300 | @a533 p. ;@c20cm. | |
| 650 | @a工具书 | |
| 700 | @a阿斯班吉亚罗夫 | |
| 哈萨克语解释词典 / / 阿斯班吉亚罗夫.-阿尔玛特 : : 科学出版社, , 1959. |
| 533 p. ; ; 20cm. |
| ISBN |
| ● |
| 相关链接 |
|
|
|
|
正题名:哈萨克语解释词典
索取号:H514.6/x2
 
预约/预借
| 序号 | 登录号 | 条形码 | 馆藏地/架位号 | 状态 | 备注 |
| 1 | 48786 | 001303510 | 密集书库/ [索取号:H514.6/x2] | 在馆 | |
| 2 | 48787 | 001303501 | 第四借阅区/ [索取号:H514.6/x2] | 在馆 | |
| 3 | 48788 | 001303495 | 第二样本阅览室/ [索取号:H514.6/x2] | 在馆 |